Abelsche Funktionen und algebraische Geometrie / (Record no. 52729)
[ view plain ]
| 000 -LEADER | |
|---|---|
| fixed length control field | 01011nam a2200253 a 4500 |
| 001 - CONTROL NUMBER | |
| control field | 52729 |
| 003 - CONTROL NUMBER IDENTIFIER | |
| rucl marc code | BD-RjUL |
| 005 - DATE AND TIME OF LATEST TRANSACTION | |
| control field | 20211209075842.0 |
| 008 - FIXED-LENGTH DATA ELEMENTS--GENERAL INFORMATION | |
| fixed length control field | 160926s1956 gw a b 000 0 ger |
| 035 ## - SYSTEM CONTROL NUMBER | |
| System control number | (BD-RjUL)52849 |
| 040 ## - CATALOGING SOURCE | |
| Original cataloging agency | DLC |
| Transcribing agency | MBNU |
| Modifying agency | OCoLC |
| -- | DLC |
| -- | BD-RjUL |
| Language of cataloging | eng |
| 041 ## - LANGUAGE CODE | |
| Language code of text/sound track or separate title | eng |
| 082 ## - DEWEY DECIMAL CLASSIFICATION NUMBER | |
| Edition number | 23 |
| Classification number | 516.35 |
| Author mark and year | COA 1956 |
| 100 1# - MAIN ENTRY--PERSONAL NAME | |
| Personal name | Conforto, Fabio |
| 9 (RLIN) | 157694 |
| 245 10 - TITLE STATEMENT | |
| Title | Abelsche Funktionen und algebraische Geometrie / |
| Statement of responsibility, etc. | Fabio Conforto ; Aus dem Nachlass bearb. und hrsg. von W. Gröbner, A. Andreotti und M. Rosati. |
| 260 ## - PUBLICATION, DISTRIBUTION, ETC. (IMPRINT) | |
| Place of publication, distribution, etc. | Berlin : |
| Name of publisher, distributor, etc. | Springer, |
| Date of publication, distribution, etc. | 1956 |
| 300 ## - PHYSICAL DESCRIPTION | |
| Pagination | xi, 276 p. : |
| Illustrations | ill. |
| Size | 24 cm. |
| 490 1# - SERIES STATEMENT | |
| Series statement | Die Grundlehren der mathematischen Wissenschaften in Einzeldarstellungen, |
| Volume/sequential designation | Bd. 84 |
| 504 ## - BIBLIOGRAPHY, ETC. NOTE | |
| Bibliography, etc | Includes Bibliography: |
| 650 #0 - SUBJECT ADDED ENTRY--TOPICAL TERM | |
| Topical term or geographic name as entry element | Functions, Abelian. |
| 9 (RLIN) | 157695 |
| Topical term or geographic name as entry element | Geometry, Algebraic. |
| 9 (RLIN) | 157696 |
| 830 #0 - SERIES ADDED ENTRY--UNIFORM TITLE | |
| Uniform title | Grundlehren der mathematischen Wissenschaften in Einzeldarstellungen mit besonderer Berücksichtigung der Anwendungsgebiete ; |
| Volume number/sequential designation | Bd. 84. |
| 942 ## - ADDED ENTRY ELEMENTS (KOHA) | |
| Source of classification or shelving scheme | Dewey Decimal Classification |
| Koha item type | Books |
| Lost status | Source of classification or shelving scheme | Damaged status | Not for loan | Collection code | Permanent Location | Current Location | Shelving location | Date acquired | Source of acquisition | Cost, normal purchase price | Total Checkouts | Full call number | Date last seen | Copy number | Koha item type |
|---|---|---|---|---|---|---|---|---|---|---|---|---|---|---|---|
| Dewey Decimal Classification | Non-fiction | Central Library, University of Rajshahi | Central Library, University of Rajshahi | 31/12/1968 | Zeitlinger | 326.40 | 516.35 COA 1956 | 26/09/2016 | C-2 | Books |